| 000 | 00362nam a2200145Ia 4500 | ||
|---|---|---|---|
| 008 | 230917s9999||||xx |||||||||||||| ||und|| | ||
| 040 |
_e154458 _aMAIN |
||
| 041 | _aEnglish | ||
| 082 | _a294.6 G537H:G | ||
| 100 | _aHarbans Singh | ||
| 245 | 0 | _aGuru Gobind Singh | |
| 260 |
_aChandigarh _bGuru Gobind Singh Foundation _c1980 |
||
| 300 | _a102 p. | ||
| 942 | _cBK | ||
| 999 |
_c213077 _d213077 |
||